Don Diego de Montemayor /
Biografía de Diego de Montemayor, restaurador y gobernador del Nuevo Reino de León a finales del siglo XVI, el cual había sido fundado por Luis de Carvajal y al poco tiempo despoblado. Logró repoblarlo llevando vecinos de Saltillo. Hecha la fundación de la ciudad metropolitana de Nuestra Señora de M...
Gardado en:
| Autor Principal: | |
|---|---|
| Outros autores: | |
| Formato: | Libro |
| Idioma: | Lingua castelá |
| Publicado: |
México :
edición de autor,
1971, c1971
|
| Temas: | |
| Etiquetas: |
Sen Etiquetas, Sexa o primeiro en etiquetar este rexistro!
|
MARC
| LEADER | 00000nam^a2200000^a^4500 | ||
|---|---|---|---|
| 001 | 000127965 | ||
| 005 | 20250521000000.0 | ||
| 009 | 20260310094819.924 | ||
| 037 | |a Acervo ITESO - Biblioteca | ||
| 041 | |a ESP | ||
| 082 | |a 972. 1303 |b SOM | ||
| 100 | |a Somonte, Mariano G. |e (autor) | ||
| 245 | 1 | 0 | |a Don Diego de Montemayor / |c M.G. Somonte ; pról. de I. Cavazos Garza. |
| 264 | 4 | |a México : |b edición de autor, |c 1971, c1971 | |
| 300 | |a 132 p. | ||
| 336 | |a texto |b txt |2 rdacontenido | ||
| 337 | |a sin mediación |b n |2 rdamedio | ||
| 338 | |a volumen |b nc |2 rdasoporte | ||
| 520 | |a Biografía de Diego de Montemayor, restaurador y gobernador del Nuevo Reino de León a finales del siglo XVI, el cual había sido fundado por Luis de Carvajal y al poco tiempo despoblado. Logró repoblarlo llevando vecinos de Saltillo. Hecha la fundación de la ciudad metropolitana de Nuestra Señora de Monterrey (1596), obtuvo del virrey su nombramiento como gobernador del Nuevo Reino de León, cargo que conservo hasta su muerte en 1612. | ||
| 649 | |a XX | ||
| 650 | |a Gobernadores Coloniales en Nuevo León - |x Historia | ||
| 650 | |a Gobernadores Coloniales en México - |x Historia | ||
| 650 | |a Conquistadores Españoles - |x Biografías | ||
| 650 | |a Políticos Españoles - |x Biografías | ||
| 650 | |a Nuevo León - |x Historia - |y Siglo XVI | ||
| 650 | |a Nuevo León - |x Historia - |y Virreinato, 1535-1821 | ||
| 650 | |a Nuevo León - |x Historia - |y Epoca Colonial, 1517-1821 | ||
| 650 | |a México - |x Historia - |y Siglo XVI | ||
| 650 | |a México - |x Historia - |y Virreinato, 1535-1821 | ||
| 650 | |a México - |x Historia - |y Epoca Colonial, 1517-1821 | ||
| 700 | |a Cavazos Garza, Israel |e (prólogo) | ||
| 910 | |a Fondo Salvador Reynoso Reynoso | ||
| 920 | |a Impresos - Libros | ||
| 930 | |a Fondos Especiales | ||
| 905 | |a 112 | ||
| 901 | |a 0800009961 |b IT2 |c ESP |u 20250521 | ||
| 902 | |a https://opac.biblio.iteso.mx/vufind/Record/000127965 | ||